Dokąd można dojechać pociągiem z Wrocławia? - Statystyki

Ogólne statystyki
  • Ten quiz został rozwiązany 264 razy
  • Średni wynik to 29 z 68
Statystyki odpowiedzi
Przewoźnik Stacja % Poprawnych
IC/EIP/TLK Warszawa Wschodnia
80%
IC/TLK Gdynia Główna
78%
PR/IC Poznań Główny
77%
IC/TLK Kraków Główny
75%
IC Szczecin Główny
73%
IC Katowice
70%
PR Opole Główne
70%
IC Białystok
69%
IC Przemyśl Główny
68%
KD/IC/EIP Jelenia Góra
67%
IC Frankfurt/Oder
66%
IC Lublin Główny
65%
KD/IC/PR Zielona Góra Główna
65%
KD Legnica
63%
KD/IC Zgorzelec
62%
IC Olsztyn Główny
57%
IC/TLK/KD Świnoujście
55%
IC Kołobrzeg
54%
KD/IC/PR/TLK Szklarska Poręba Górna
53%
KD Głogów
52%
PR Brzeg
51%
KD Lubin
51%
KD/PR Jelcz-Laskowice
50%
KD Wałbrzych Główny
50%
PR Częstochowa
46%
PR Leszno
45%
KD/PR Rawicz
45%
IC Zakopane
45%
KD Oleśnica
44%
KD Kłodzko Główne
43%
KD/IC/TLK Kłodzko Miasto
43%
KD Kudowa Zdrój
42%
PR Kędzierzyn Koźle
41%
IC Bydgoszcz Główna
40%
KD Pierwoszów Miłocin
40%
IC/TLK Bielsko-Biała Główna
39%
IC/TLK Hel
39%
KD Międzylesie
39%
IC Ustka
39%
PR Ostrów Wielkopolski
36%
KD Lichkov
35%
KD Krotoszyn
34%
KD Milicz
34%
PR Racibórz
34%
PR Lubliniec
32%
KD Świdnica Miasto
32%
KD Jawor
31%
KD Lubań Śląski
31%
PR Kluczbork
30%
IC Słupsk
30%
EIC Warszawa Gdańska
29%
KD Bolesławiec
28%
KD Bielawa Zachodnia
27%
PR Namysłów
27%
IC Ełk
26%
KD/PR Strzelin
26%
KD Wołów
26%
KD Jaworzyna Śląska
24%
KD Kąty Wrocławskie
23%
KD Ścinawa
22%
IC Bohumin
19%
KD Gryfów Śląski
15%
IC Hrubieszów Miasto
15%
KD Tuplice
15%
KD Sobótka Zachodnia
14%
KD Kobierzyce
13%
KD Ziębice
13%
KD Adrspach
8%
Nie znaleziono quizów pasujących do podanych kryteriów
Rozkład punktacji
Procent ludzi z każdym wynikiem
Percentyl według liczby udzielonych odpowiedzi
Twoja historia wyników
Nie rozwiązałeś tego quizu